Elementárna zmena bázy lineárneho priestoru v prostredí Visual Basic diplomová práca

Saved in:
Bibliographic Details
Main Author: Krajačič, Matej
Corporate Author: Fakulta hospodárskej informatiky EU. Katedra matematiky a aktuárstva
Other Authors: Slaninka, František, 1973-
Format: Book
Language:Slovak
Published: Bratislava 2014
Tags: Add Tag
No Tags, Be the first to tag this record!

MARC

LEADER 00000nbm a2200000 4500
001 0188744
005 20170201110108.4
041 0 |a slo 
044 |a SK 
245 1 0 |a Elementárna zmena bázy lineárneho priestoru v prostredí Visual Basic  |b diplomová práca  |c Matej Krajačič ; školiteľ: František Slaninka 
264 1 |a Bratislava  |c 2014 
300 |a 88 s. 
100 1 |a Krajačič, Matej 
700 1 |a Slaninka, František, 1973- 
710 2 |a Fakulta hospodárskej informatiky EU. Katedra matematiky a aktuárstva